00605nam a2200205 a 450000100060000000300090000600500170001500800410003202000180007304000280009104100080011904300180012710000100014524500400015526000550019530000340025049000450028450100350032965000350036425058CO-ViMGA20230915232040.0141112s2004 ck r 000 u spa d a9789681672850 aCO-ViMGAbspacCO-ViMGA aspa as - ag - - - 1 aIsol.10aTener un patito es útil / cIsol. aMéxico : bFondo de Cultura Económica, c2007. a[14], [14] p. : il. ; 16 cm. aLos especiales de a la orilla del viento aCon : Tener un nene es útil.14aCuentos infantiles argentinos.